01014cpcaa22002417a 4500001001300000003000400013005001700017008004100034010001700075040002400092072001200116100002500128245004600153300001300199506002200212520025600234546003600490580005700526651005200583651006600635651005400701999001700755mm 98006408 DLC20260227111727.0981106|||||||||||| eng  amm 98006408  aDLCcDLCdDLCedacs 7aW2lcmd1 aLow, Francis Sidney.00aFrancis Sidney Low correspondence,f1861. a1fitem.0 aOpen to research.8 aALS (1861 April 18; National Hotel, Washington, D.C.) from Low to his son discussing preparations in Washington, D.C., in case of attack by Confederate sympathizers and rumors that the sympathizers had torn up railroad tracks near Baltimore, Maryland. aCollection material in English. aForms part of: Miscellaneous Manuscripts collection. 0aBaltimore (Md.)xHistoryyCivil War, 1861-1865. 0aUnited StatesxHistoryyCivil War, 1861-1865xTransportation. 0aWashington (D.C.)xHistoryyCivil War, 1861-1865. c44476d44476